| 000 | 01229nam a22002657a 4500 | ||
|---|---|---|---|
| 003 | Uzh_bibl | ||
| 008 | 260514b |||||||| |||| 00| 0 ukr d | ||
| 020 |
_a966-01-0077-9 _c55.00 |
||
| 040 | _bукр. | ||
| 041 |
_2fre _aukr |
||
| 080 | _a821.133.1 | ||
| 090 |
_a821.133.1 _bБ 21 |
||
| 100 | _aБальзак,Оноре де | ||
| 245 |
_aШагренева шкіра.Батько Горіо.Гобсек _cПер. із фр.; Передм. Д. В. Затонського; Приміт. Д. С. Наливайка; Мал. Є. Є. Котляра. _hТекст |
||
| 260 |
_aКиїв _bВеселка _c1998 |
||
| 300 |
_a527 с. _bіл. |
||
| 490 | _a"Шкільна бібліотека" | ||
| 520 | _aДо книжки увійшли два романи та повість із славнозвісної епопеї «Людська комедія» великого французь кого письменника-реаліста Оноре де Бальзака. | ||
| 521 | _aДля ст. шк .віку | ||
| 546 | _aукр. | ||
| 650 | _aЛітературно-художнє видання | ||
| 653 |
_aЖадібність _aСтосунки |
||
| 655 |
_aПроза _vРоман |
||
| 942 |
_2udc _cBK |
||
| 999 |
_c17755 _d17755 |
||